Situación socioeconómica de Costa Rica
Spremljeno u:
| Glavni autor: | |
|---|---|
| Format: | Tekst |
| Izdano: |
San José:
MIDEPLAN. IDA
|
| Teme: | |
| Oznake: |
Dodaj oznaku
Bez oznaka, Budi prvi tko označuje ovaj zapis!
|
MARC
| LEADER | 00000 a a2200000 04500 | ||
|---|---|---|---|
| 001 | 17393 | ||
| 003 | |||
| 040 | |||
| 090 | |a 020300 | ||
| 100 | |a Víquez, Sara | ||
| 245 | |a Situación socioeconómica de Costa Rica | ||
| 260 | |a San José: |b MIDEPLAN. IDA | ||
| 300 | |a 22 p. | ||
| 650 | |a CONDICIONES SOCIALES | ||
| 650 | |a CONDICIONES ECONOMICAS | ||
| 999 | |c 16495 |d 16495 | ||
